[Event "FRA-chT4 1011"]
[Site "Champagne Ardennes"]
[Date "2011.03.20"]
[Round "6.8"]
[White "Baret, Benoit"]
[Black "Louis, Sophie"]
[Result "1-0"]
[WhiteElo "1460"]
[BlackElo "1410"]
[PlyCount "59"]
[EventDate "2010.10.10"]
[EventType "team-tourn"]
[EventRounds "7"]
[EventCountry "FRA"]
[SourceTitle "EXT 2024"]
[Source "ChessBase"]
[SourceDate "2023.10.10"]
[SourceVersion "1"]
[SourceVersionDate "2023.10.10"]
[SourceQuality "1"]

1. d4 d5 2. Nf3 Nc6 3. e3 a6 4. a3 Nf6 5. Bd3 e6 6. Nbd2 Bd6 7. 0-0 0-0 8. b4 e5 9. dxe5 Nxe5 10. Nxe5 Bxe5 11. Rb1 Re8 12. Nf3 Qd6 13. Nxe5 Qxe5 14. Bb2 Qg5 15. Qf3 Bg4 16. Bxf6 gxf6 17. Qg3 Bd7 18. Qxc7 Bc6 19. Qg3 Rad8 20. Qxg5+ fxg5 21. c3 Ba4 22. Rfe1 h6 23. Rbc1 Bc6 24. Bc2 Bb5 25. Bb3 Re4 26. f3 Re5 27. Rcd1 Rde8 28. Rxd5 Rxd5 29. Bxd5 Rd8 30. c4 1-0

[Event "FRA-chT4 0809"]
[Site "France "]
[Date "2009.02.08"]
[Round "5"]
[White "Louis, Sophie"]
[Black "Louot, Catherine"]
[Result "0-1"]
[WhiteElo "1500"]
[BlackElo "1510"]
[PlyCount "54"]
[EventDate "2008.10.??"]
[EventType "team-tourn"]
[EventRounds "9"]
[EventCountry "FRA"]
[SourceTitle "EXT 2010"]
[Source "ChessBase"]
[SourceDate "2010.11.25"]
[SourceVersion "1"]
[SourceVersionDate "2010.11.25"]
[SourceQuality "1"]

1. e4 e5 2. Nf3 Nf6 3. Nc3 Nc6 4. Bb5 Bc5 5. h3 0-0 6. 0-0 d6 7. d3 Bd7 8. Bg5 h6 9. Bxf6 Qxf6 10. Nd5 Qd8 11. c3 a6 12. Bxc6 bxc6 13. Ne3 Bxe3 14. fxe3 Qf6 15. Nh2 Qg6 16. Qf3 f5 17. Kh1 fxe4 18. Qxe4 Bf5 19. Qxc6 Bxd3 20. Rxf8+ Rxf8 21. Rg1 Be4 22. Qc4+ d5 23. Qe2 Qg3 24. c4 Rf2 25. Qg4 Qxe3 26. Qe6+ Kh7 27. Ng4 Qxh3+ 0-1

[Event "Hainaut-ch"]
[Site "Manage"]
[Date "2008.08.23"]
[Round "6.24"]
[White "Jamar, Marc"]
[Black "Louis, Sophie"]
[Result "1-0"]
[WhiteElo "1368"]
[BlackElo "1510"]
[PlyCount "61"]
[EventDate "2008.08.23"]
[EventType "swiss"]
[EventRounds "9"]
[EventCountry "BEL"]
[SourceTitle "EXT 2024"]
[Source "ChessBase"]
[SourceDate "2023.10.10"]
[SourceVersion "1"]
[SourceVersionDate "2023.10.10"]
[SourceQuality "1"]

1. e4 c5 2. d4 cxd4 3. c3 Nf6 4. e5 Nd5 5. cxd4 e6 6. Nf3 Nc6 7. Bc4 d6 8. Bxd5 exd5 9. 0-0 Be7 10. Re1 0-0 11. Nc3 Be6 12. h4 h6 13. Bf4 dxe5 14. Bxe5 Bxh4 15. g3 Bf6 16. Bf4 Bg4 17. Kg2 Nxd4 18. Re3 Re8 19. Qd2 Nxf3 20. Rxf3 Bxf3+ 21. Kxf3 d4 22. Ne4 Qd5 23. Re1 Be5 24. Bxh6 Bf6 25. Qf4 g5 26. Qxf6 g4+ 27. Kf4 Qe5+ 28. Qxe5 Rxe5 29. Kxe5 d3 30. Kf4 Re8 31. Nf6+ 1-0